Bilecik Bilecik Bilecik Bilecik Bilecik

İslam'da ve günümüzde cihad (tasdîk-i asâlet-i memuriyet için kifâyet-i ilmiye risâlesi)/ (Record no. 56595)

MARC details
000 -BAŞLIK
Sabit Uzunluktaki Kontrol Alanı 01383nam a22004217a 4500
001 - KONTROL NUMARASI
Control Dosyası 0056789
003 - KONTROL NUMARASI KİMLİĞİ
Kontrol Alanı KOHA_MİRAKIL
005 - EN SON İŞLEM TARİHİ ve ZAMANI
Kontrol Alanı 20260207004059.0
007 - FİZİKSEL TANIM SABİT ALAN - GENEL BİLGİ
Sabit uzunluklu kontrol alanı ta
008 - SABİT UZUNLUKTAKİ VERİ ÖGELERİ - GENEL BİLGİ
Sabit Alan 160405b1968 tu |||gr||||#||||0|tur |
040 ## - KATALOGLAMA KAYNAĞI
Özgün Kataloglama Kurumu TR-BiSEU
Kataloglama Dili tur
Çeviri Kurumu TR-BiSEU
Açıklama Kuralları rda
041 0# - DİL KODU
Metin ya da ses kaydının dil kodu tur
044 ## - YAYINLAYAN/ÜRETEN KURULUŞUN ÜLKE KODU
ISO country code tu
050 ## - SINIFLAMA ve YER NUMARASI
Sınıflama Numarası BP182
Yer Numarası .A23 1968
100 1# - KİŞİ ADI
Yazar Adı (Kişi adı) Abdulkadiroğlu, Abdulkerim.
245 1# - ESER ADI BİLDİRİMİ
Başlık İslam'da ve günümüzde cihad (tasdîk-i asâlet-i memuriyet için kifâyet-i ilmiye risâlesi)/
Sorumluluk Bildirimi Abdulkerim Abdulkadiroğlu ; Abdulkerim Abdulkadiroğlu.
264 #1 - ÜRERİM, YAYIN, DAĞITIM ve TELİF BİLDİRİMİ
Yayın yeri Ankara :
Yayınlayan Sönmez Neşriyat Yayınları
Yayın tarihi 1968
300 ## - FİZİKSEL TANIMLAMA
Sayfa, Cilt vb. 40 sayfa ;
Boyutları 19 cm.
336 ## - İÇERİK TÜRÜ
Content type term metin
Content type code txt
Source rdacontent
337 ## - MEDYA TÜRÜ
Media type term aracısız
Media type code n
Source rdamedia
338 ## - TAŞIYICI TÜRÜ
Carrier type term cilt
Carrier type code nc
Source rdacarrier
490 1# - DİZİ BİLDİRİMİ
Dizi Bildirimi Sönmez Neşriyat yayınları.
490 1# - DİZİ BİLDİRİMİ
Dizi Bildirimi Umumî Neş.
490 1# - DİZİ BİLDİRİMİ
Dizi Bildirimi no ;
Cilt Numarası 16 .
490 1# - DİZİ BİLDİRİMİ
Dizi Bildirimi Kur'an ve Hadis İlimleri : Hususî Neş.
490 1# - DİZİ BİLDİRİMİ
Dizi Bildirimi no ;
Cilt Numarası 6
500 ## - GENEL NOT
Genel Not Kaynakça var.
650 #0 - KONU BAŞLIĞI EK GİRİŞ - KONU TERİMİ
Konusal terim veya coğrafi ad Cihad, İslamda
9 (RLIN) 105150
650 #0 - KONU BAŞLIĞI EK GİRİŞ - KONU TERİMİ
Konusal terim veya coğrafi ad Jihad, Islam in
9 (RLIN) 105151
650 #0 - KONU BAŞLIĞI EK GİRİŞ - KONU TERİMİ
Konusal terim veya coğrafi ad Müslüman şehitleri
9 (RLIN) 105152
650 #0 - KONU BAŞLIĞI EK GİRİŞ - KONU TERİMİ
Konusal terim veya coğrafi ad Muslim martyrs
9 (RLIN) 83695
830 1# - SERİ EK GİRİŞİ - TEKBİÇİM ESER ADI
Tekbiçim Başlık Sönmez Neşriyat yayınları.
9 (RLIN) 105153
830 1# - SERİ EK GİRİŞİ - TEKBİÇİM ESER ADI
Tekbiçim Başlık Umumî Neş.
9 (RLIN) 105154
830 1# - SERİ EK GİRİŞİ - TEKBİÇİM ESER ADI
Tekbiçim Başlık no ;
Volume number/sequential designation 16 .
9 (RLIN) 17295
830 1# - SERİ EK GİRİŞİ - TEKBİÇİM ESER ADI
Tekbiçim Başlık Kur'an ve Hadis İlimleri : Hususî Neş.
9 (RLIN) 105155
830 1# - SERİ EK GİRİŞİ - TEKBİÇİM ESER ADI
Tekbiçim Başlık no ;
Volume number/sequential designation 6
9 (RLIN) 17295
942 ## - EK GİRİŞ ÖGELERİ (KOHA)
Source of classification or shelving scheme Library of Congress Classification
Koha item type Book
Holdings
Materyal Türü Kalıcı Konum Mevcut Konum Raf Yeri Sınıflandırma Kaynağı Edinim Bilgisi Ana Konular Alt Konular Yer Numarası Demirbaş Numarası Fatura Tarihi Geri Çekilme Durumu Kayıp Durumu Hasarlı Durumu Kredi için değil Kayıt Tarih Toplam Ödünçverme Son Görülme Tarihi Son Kontrol Tarihi Genel / Bağış Notu
Book Prof. Dr. Azmi Özcan Kütüphanesi Prof. Dr. Azmi Özcan Kütüphanesi Uluğbey Salonu Library of Congress Classification Bağış FELSEFE, PSİKOLOJİ, DİN İslam, Bahailik, Teozofi vb. BP182 .A23 1968 0056789 02/02/2026         05/04/2016   05/12/2024 05/12/2024 Abdulkerim Abdulkadiroğlu, Akademisyen